Especificaciones generales para la construccion de caminos y puentes de acuerdo con los Proyectos Federales de Carreteras : FP-61, 1961.
Furkejuvvon:
| Searvvušdahkki: | |
|---|---|
| Materiálatiipa: | Girji |
| Giella: | Spanish |
| Almmustuhtton: |
Washington , EE.UU : International Road Federation
1961
|
| Fáttát: | |
| Fáddágilkorat: |
Lasit fáddágilkoriid
Eai fáddágilkorat, Lasit vuosttaš fáddágilkora!
|
MARC
| LEADER | 00000nam a2200000Ia 4500 | ||
|---|---|---|---|
| 003 | 003320 | ||
| 005 | 20221231143956.0 | ||
| 008 | 140114s1961 waua 000 ||spa d | ||
| 040 | |c cru CEDI | ||
| 082 | |a 625.7 E79e | ||
| 110 | |9 21686 |a Estados Unidos. Departamento de Comercio | ||
| 245 | |a Especificaciones generales para la construccion de caminos y puentes de acuerdo con los Proyectos Federales de Carreteras : FP-61, 1961. | ||
| 260 | |a Washington , EE.UU : International Road Federation |c 1961 | ||
| 300 | |a vi,441 páginas | ||
| 500 | |a Traducida y publicada para la edición castellana por la Federación Internacional de Caminos (International Road Federation) en cooperación con la Asociación Argentina de Carreteras | ||
| 650 | |x CONSTRUCCION DE CARRETERAS |x CONSTRUCCION DE PUENTES |9 8651 | ||
| 942 | |2 ddc |c BK | ||
| 999 | |c 15066 |d 15066 | ||
